La Question de l'évolution (notice n° 1583160)

détails MARC
000 -LEADER
fixed length control field 01716cam a2200205 4500500
005 - DATE AND TIME OF LATEST TRANSACTION
control field 20251228052251.0
041 ## - LANGUAGE CODE
Language code of text/sound track or separate title fre
042 ## - AUTHENTICATION CODE
Authentication code dc
100 10 - MAIN ENTRY--PERSONAL NAME
Personal name Jacques, Francis
Relator term author
245 00 - TITLE STATEMENT
Title La Question de l'évolution
260 ## - PUBLICATION, DISTRIBUTION, ETC.
Date of publication, distribution, etc. 2010.<br/>
500 ## - GENERAL NOTE
General note 11
520 ## - SUMMARY, ETC.
Summary, etc. RésuméOn replace les scientifiques mais aussi les philosophes et les théologiens devant la question de l’évolution. On la divise en une partie épistémologique (en quel sens l’évolution est-elle un fait ?) et une partie inter-compétentielle (quand passe-t-on de l’interrogation scientifique à l’interrogation philosophique et théologique ?) Deux rebondissements apparaissent. On commence par distribuer les théories en deux modèles, l’un qualifié de « mécanique », dérivé de Spencer – l’évolutionnisme biologique qui voudrait décider de la continuité objective. L’autre modèle, qualifié de « rationnel », qui remonte à Durkheim, souligne l’importance de la sélection rationnelle des idées dans l’évolution sociale et morale. Puis, on fait apparaître une émergence à double détente. L’une hominisante qui détermine l’espèce à devenir biologiquement humaine. L’autre humanisante qui ouvre une carrière éthique et religieuse à la liberté de l’espèce. On termine en rappelant la nécessité d’un débat inter-critique équitable, et en énonçant les règles de méthode.
690 ## - LOCAL SUBJECT ADDED ENTRY--TOPICAL TERM (OCLC, RLIN)
Topical term or geographic name as entry element Durkheim
690 ## - LOCAL SUBJECT ADDED ENTRY--TOPICAL TERM (OCLC, RLIN)
Topical term or geographic name as entry element évolution
690 ## - LOCAL SUBJECT ADDED ENTRY--TOPICAL TERM (OCLC, RLIN)
Topical term or geographic name as entry element évolutionnisme
690 ## - LOCAL SUBJECT ADDED ENTRY--TOPICAL TERM (OCLC, RLIN)
Topical term or geographic name as entry element Spencer
786 0# - DATA SOURCE ENTRY
Note Transversalités | 114 | 2 | 2010-06-01 | p. 135-162 | 1286-9449
856 41 - ELECTRONIC LOCATION AND ACCESS
Uniform Resource Identifier <a href="https://shs.cairn.info/revue-transversalites-2010-2-page-135?lang=fr&redirect-ssocas=7080">https://shs.cairn.info/revue-transversalites-2010-2-page-135?lang=fr&redirect-ssocas=7080</a>

Pas d'exemplaire disponible.

PLUDOC

PLUDOC est la plateforme unique et centralisée de gestion des bibliothèques physiques et numériques de Guinée administré par le CEDUST. Elle est la plus grande base de données de ressources documentaires pour les Étudiants, Enseignants chercheurs et Chercheurs de Guinée.

Adresse

627 919 101/664 919 101

25 boulevard du commerce
Kaloum, Conakry, Guinée

Réseaux sociaux

Powered by Netsen Group @ 2025